| 000 | 00697nam a22002297a 4500 | ||
|---|---|---|---|
| 005 | 20170124110245.0 | ||
| 010 | _aA-333758 | ||
| 020 |
_a923002516 _c00.00 |
||
| 035 | _aA-333758 | ||
| 037 | _bCen Lib/Ret | ||
| 040 |
_aDPL _bEN |
||
| 082 |
_a378.058 _bCOW |
||
| 100 |
_aCowen, Robert _997058 |
||
| 245 |
_aInternational directory of research institutions on higher education / _cby Robert Cowen |
||
| 250 | _a2nd rev ed | ||
| 260 |
_aParis _bUnesco _c1978 |
||
| 270 |
_a7, Place de Fontenoy, _bParis _e75700 |
||
| 300 |
_axv,134p. _c20cm(pbk) |
||
| 650 |
_aResearch institutes _997059 |
||
| 650 |
_aEducation, Higher--Research _94944 |
||
| 942 |
_2ddc _cEN _h378.058 _mCOW |
||
| 999 |
_c135439 _d135439 |
||